000
00288nam a22001337a 4500
008
170207b xxu||||| |||| 00| 0 eng d
020
_a
9780963871404
041
_a
eng
080
_a
61
100
_a
4
101
_a
SHM
245
_a
AMZING MEDICINES
_c
ROBERT .C ATKINS
942
_2
udc
_c
BK
999
_c
4790
_d
4790